00320pab a2200121 454500008004000000100002200040245006800062260000900130300001300139362001200152650002100164773001300185180718b1975 xxu||||| |||| 00| 0 eng d aSinha, Ramashraya aA case for political executive in Municipal Government in India c1975 ap.34-39. aJul-Sep aLocal government aNagarlok